00293nam a2200109 a 4500008004100000050001500041100001800056245004800074260003100122300002100153350000900174120416s1981 ||||||||||||||||| || u aHB 172 Sho aShone, Ronald10aApplications in intermediate microeconomics aOxfordbM. Robertsonc1981 axi, 292p. : ill. a0.00